[Event "ROM-ch U18"]
[Site "Calimanesti Caciulata"]
[Date "2016.04.25"]
[Round "9"]
[White "Oncescu, Vlad Norin"]
[Black "Miroi, Robert Andrei"]
[Result "0-1"]
[WhiteElo "1390"]
[BlackElo "1985"]
[PlyCount "66"]
[EventDate "2016.04.18"]
[EventType "swiss"]
[EventRounds "9"]
[EventCountry "ROU"]
[SourceTitle "EXT 2017"]
[Source "ChessBase"]
[SourceDate "2016.10.25"]
[SourceVersion "1"]
[SourceVersionDate "2016.10.25"]
[SourceQuality "1"]

1. d4 Nf6 2. Nf3 e6 3. g3 b6 4. Bg2 Bb7 5. 0-0 Be7 6. c4 0-0 7. Nbd2 d6 8. Qc2 Nc6 9. a3 a5 10. e4 e5 11. d5 Nb8 12. Re1 a4 13. Nf1 Nbd7 14. Ne3 g6 15. Bd2 Nc5 16. Nh4 Nb3 17. Rad1 Bc8 18. Rf1 Nd4 19. Qd3 Nd7 20. Kh1 Nc5 21. Qb1 Bxh4 22. gxh4 Qxh4 23. Be1 Qf4 24. f3 Qxe3 25. Bd2 Qd3 26. Bh6 Qxb1 27. Rxb1 Re8 28. f4 Ba6 29. fxe5 Bxc4 30. Rf6 Nd7 31. Rf2 Nxe5 32. Rd2 Nb3 33. Rdd1 Bd3 0-1